|
|
|
|
| LEADER |
00000cam a2200000 a 4500 |
| 001 |
43562 |
| 003 |
Ucuenca |
| 005 |
20230308154452.0 |
| 008 |
981021|1976 ||||||||r|||||||||||spa|| |
| 040 |
|
|
|b spa
|
| 041 |
0 |
|
|a spa
|
| 082 |
0 |
|
|a Cu863.4
|
| 100 |
1 |
|
|a Valdés Vivó, Raul
|9 5339
|
| 245 |
1 |
4 |
|a Los Negros ciegos
|c Raúl Valdés Vivó
|h imp
|
| 264 |
|
|
|a La Habana
|b Editorial Pueblo y Educación
|c 1976
|
| 300 |
|
|
|a 155 páginas:
|c 18 cm
|
| 650 |
|
0 |
|a Novela cubana
|9 5259
|
| 852 |
|
|
|a UC-CDJBV
|f Donación
|l 1
|m General
|p 19810216
|q 60,00
|r 8
|t 43562
|b 0
|d CDRC
|e CDRC
|g Cu863.4 TERCER PISO
|z 1981-10-21
|
| 942 |
|
|
|c BK
|
| 999 |
|
|
|c 1876
|d 1876
|